000 00291nam a22001337a 4500
082 _a494
_bVAM/S
100 _aSHASTHREE,DHARMAPAL
100 _aVAMSHEEDHAR
245 _aSUGAM HINDI VYAKARAN
260 _aDELHI
_bSHIKSHA BHARATHY
300 _a192
650 _aGRAMMAR
_zDELHI
942 _cBK
999 _c4471
_d4471